000 00600nam a22002177a 4500
003 LK-CoMWRAF
005 20231006105345.0
008 231006b2000 |||||||| |||| 00| 0 eng d
020 _a0931092353
040 _aLK-CoMWRAF
_dLK-CoMWRAF
_eLK-CoMWRAF
041 _aeng
082 _a616
_bSEX
245 _aSex, gender, and pain
260 _aSeattle:
_bIASP Press,
_c2000
300 _axiv, 393 p. : ill. ; 24 cm
490 _aProgress in pain research and management
_vv. 17
650 _aPAIN-Sex factors
650 _aSex characteristics
700 _aFillingim, Roger B.
_eed.
942 _cBK
999 _c3790
_d3790